| 000 | 00473cam a22002055a 4500 | ||
|---|---|---|---|
| 001 | L149388 | ||
| 002 | 18084 | ||
| 008 | 100301s2009 xxk f 000 0 eng d | ||
| 020 | _a9780415547161 | ||
| 035 | _a(Sirsi) u149388 | ||
| 041 | 0 | _aeng | |
| 050 | 0 | 4 | _a692.5 |
| 100 | 1 | _aSpain, Bryan | |
| 245 | 0 | 0 | _aSpon's house improvement price book |
| 250 | _a4th ed. | ||
| 260 |
_bTaylor & Francis _c2009 |
||
| 350 | _a55.00 | ||
| 651 | 4 | _aENGLAND AND WALES | |
| 942 | _n0 | ||
| 999 |
_c110478 _d110478 |
||